000 00555nam a2200181Ia 4500
003 GCL
008 140319s9999 xx 000 0 aFre d
040 _aGCL /
_cGCL
082 0 4 _aCC
_b069.096
_bD N
100 1 _aDARESSY, GEORGES
245 1 0 _aNOTICE SOMMAIRE DES PRINCIPAUX MONUMENTS :
_bEXPOSES AU MUSEE EGYPTIEN DU CAIRE0 . /
_cDARESSY, GEORGES
250 _a1
260 _aالقاهرة :
_bIMPRIMERIE DE L'INSTITUT FRANCAIS ،
_c1925
300 _a58 P:
_bILL. ؛
_c16 cm.
650 0 4 _aMONUMENTS
650 0 4 _aEGYPT, MUSEUMS
942 _2ddc
_cBK
999 _c4892
_d4892